A parent's guide to special education : Insider advice on how to navigate the system and help your child succeed

में बचाया:
ग्रंथसूची विवरण
मुख्य लेखक: Wilmshurst, Linda
स्वरूप: पुस्तक
भाषा:Undetermined
प्रकाशित: New York AMACOM 2005
विषय:
टैग : टैग जोड़ें
कोई टैग नहीं, इस रिकॉर्ड को टैग करने वाले पहले व्यक्ति बनें!
Thư viện lưu trữ: Trung tâm Học liệu Trường Đại học Cần Thơ
LEADER 00773nam a2200229Ia 4500
001 CTU_129396
008 210402s9999 xx 000 0 und d
020 |c 254000 
082 |a 371.9 
082 |b W744 
100 |a Wilmshurst, Linda 
245 2 |a A parent's guide to special education : 
245 0 |b Insider advice on how to navigate the system and help your child succeed 
245 0 |c Linda Wilmshurst and Alan W. Brue 
260 |a New York 
260 |b AMACOM 
260 |c 2005 
650 |a Special education,Special education,Giáo dục đặc biệt 
650 |x Law and legislation,Hoa Kỳ 
650 |z United States,United States,Luật và hiến pháp 
904 |i Giang 
980 |a Trung tâm Học liệu Trường Đại học Cần Thơ